00722nam a2200193 a 450000100100000000500170001000800410002702000180006804000250008608200170011110000300012824500740015826000310023230000210026350400730028470000390035795201150039699900170051100004085920201002034431.0130909s1992 sp 000 0 spa d a9788420605623 aDO-SdBNPbspacBNPHU axxxxxbxxxxx1 aRabelais, Francois95102810aGargantúa /cFrancois Rabelais ; traducción Camilo Flores Varela. aMadrid, :bAlianza,c1992. a258 p. ;c18 cm. aIncluye referencias bibliográficas y notas al pie de las páginas1 aFlores Valera, Camilo,etr.967281 001050718MOaGRbGRcHDd2013-09-09iLF1l0oxxxxx xxxxxp40859-10r2020-06-25w2020-06-25y1ZNo se presta c40349d40349